00491nam a2200193Ia 4500008004100000020001800041050001400059100001900073245005300092245003400145260001500179260001600194260000900210300001400219300002700233300001000260440001900270500000800289170918s9999 xx 000 0 und d a9780545237604 bH321 2010 aHarrison, Paul 4aThe ice age and incredible prehistoric animals / cPaul Harrison and Lisa Miles. aNew York : bScholastic, c2010 aunpaged : bcolored illustration ; c23cm. a3-D thrillers! a980